[Event "Tatry op"]
[Site "Tatranska Lomnica"]
[Date "2017.10.10"]
[Round "4"]
[White "Kostolansky, Sebastian Lukas"]
[Black "Splichal, Stanislav"]
[Result "1-0"]
[WhiteElo "2209"]
[BlackElo "2156"]
[PlyCount "65"]
[EventDate "2017.10.08"]
[EventType "swiss"]
[EventRounds "9"]
[EventCountry "SVK"]
[SourceTitle "CBM 181 Extra"]
[Source "ChessBase"]
[SourceDate "2017.12.12"]
[SourceVersion "1"]
[SourceVersionDate "2017.12.12"]
[SourceQuality "1"]

1. e4 c5 2. Nf3 e6 3. d4 cxd4 4. Nxd4 Nf6 5. Bd3 Nc6 6. Nxc6 dxc6 7. 0-0 e5 8. Qe2 Be7 9. Nd2 0-0 10. Nc4 Nd7 11. a4 Bg5 12. Be3 Bxe3 13. Qxe3 Qe7 14. Rad1 b6 15. f4 exf4 16. Qxf4 Nc5 17. e5 Nxd3 18. cxd3 Qc5+ 19. Kh1 Be6 20. Nd6 f6 21. d4 Qd5 22. Qg3 fxe5 23. dxe5 Rxf1+ 24. Rxf1 Rf8 25. Rxf8+ Kxf8 26. h3 Kg8 27. Ne8 Qd1+ 28. Kh2 g6 29. Qh4 Kf8 30. Nf6 Qe2 31. Qh6+ Ke7 32. Qg7+ Bf7 33. Nxh7 1-0